000 00759nam a2200253Ia 4500
003 OSt
005 20220928131323.0
006 a|||||r|||| 00| 0
007 ta
008 220927b |||||||| |||| 00| 0 eng d
020 _cINR 1995.00
024 _a134698
037 _b0375, 09/03/2017, Synergy Books India
_cTextual
040 _aSDCL
_cSDCL
_beng
041 _2eng
_aeng
082 _aX:77.1'P, P8
100 _aSecondi Giorgio Ed.
_9477739
245 0 _aDevelopment economics reader
260 _aLondon
_bRoutledge
_c2008
300 _axxiv,555p.
_ccm.
650 _aBusiness Economics
_9391653
942 _hX:77.1'P, P8
_cTEXL
_2CC
999 _c790233
_d790233